000 00916nam a2200241Ii 4500
003 JO-AjNU
008 230605s9999||||xx |||||||||||||| ||und||
017 _a1998/16336
020 _a977-02-5681-1
040 _aJO-AjNU
_bara
_erda
_cJO-AjNU
041 _aara
050 1 4 _aDS36.7.A27 1998
100 3 _aابي الفداء، عماد الدين اسماعيل ابن علي؛ تحقيق عزب، محمد زينهم محمد؛ تقديم مؤنس، حسين,
_eauthor
_937500
245 0 0 _aالمختصر في أخبار البشر، الجزء الأول
250 _aط1
264 3 1 _aالقاهرة: دار المعارف، 1998
300 _aج1، 279ص
336 _atext
_btxt
_2rdacontent
337 _aunmediated
_bn
_2rdamedia
338 _avolume
_bnc
_2rdacarrier
490 0 _aذخائؤ العرب؛ 69
650 4 _aصليبون ، عرب- تاريخ، ايبوبيون -تاريخ
_937501
999 _aA15674
_c19242
_d19242